000 00282nam a2200109Ia 4500
005 20251222114410.0
008 251222s1900||||xx |||||||||||||| ||spa||
082 _aDVD0092/J92/1996
245 0 _aRosa: El perfume del bien
264 _bJurado, Jesús. Rimarachin, Miguel.
942 _cDVD
999 _c2002
_d2002